| 000 | 00757cam a22002654a 4500 | ||
|---|---|---|---|
| 001 | 16702739 | ||
| 005 | 20180131035446.0 | ||
| 008 | 110321s2012 maua f 001 0 eng | ||
| 010 | _a 2011012480 | ||
| 020 | _a9780138024642 | ||
| 020 | _a0138024642 | ||
| 035 | _a(DNLM)101556823 | ||
| 040 |
_aDNLM/DLC _cDLC _dDLC |
||
| 041 | _aeng | ||
| 042 | _apcc | ||
| 060 | 1 | 0 | _aWY 49 |
| 080 | _a610.73 BER | ||
| 082 | 0 | 0 |
_a610.73 BER _222 |
| 100 | 1 | _a1 | |
| 101 | _aINF | ||
| 245 | 1 | 0 |
_aClinical handbook for Kozier & Erb's fundamentals of nursing : _cBerman, Snyder. |
| 906 |
_a7 _bcbc _corignew _d1 _eecip _f20 _gy-gencatlg |
||
| 942 |
_2ddc _cBK |
||
| 999 |
_c41332 _d41332 |
||